[Event "Collado Villalba op-A 35th"]
[Site "Collado Villalba ESP"]
[Date "2018.08.27"]
[Round "4.12"]
[White "Lopez Mijail, Nicolas"]
[Black "Perez Cameselle, Francisco Jose"]
[Result "1/2-1/2"]
[WhiteElo "1983"]
[BlackElo "1790"]
[PlyCount "103"]
[EventDate "2018.08.24"]
[EventType "swiss"]
[EventRounds "9"]
[EventCountry "ESP"]
[SourceTitle "Ajedrez en Madrid"]
[Source "lmi"]
[SourceDate "2018.08.24"]

1. e4 e5 2. Nf3 Nc6 3. Bb5 a6 4. Ba4 Nf6 5. O-O Be7 6. Re1 b5 7. Bb3 d6 8. c3
O-O 9. h3 Na5 10. Bc2 c5 11. d4 Qc7 12. Nbd2 Bb7 13. d5 Bc8 14. a4 Bd7 15. b3
bxa4 16. bxa4 g6 17. Nf1 Ne8 18. Ng3 Ng7 19. Qd2 f5 20. Qh6 f4 21. Nf1 Qd8 22.
h4 Qe8 23. N1h2 Nh5 24. Bd1 Qf7 25. Ng5 Qg7 26. Qxg7+ Nxg7 27. Ng4 Bxg5 28.
hxg5 Bxg4 29. Bxg4 Rab8 30. Be2 Ne8 31. Bd3 Kg7 32. g3 fxg3 33. f3 Nb3 34. Rb1
Nxc1 35. Rexc1 Nc7 36. Kg2 h6 37. gxh6+ Kxh6 38. Kxg3 Kg5 39. Rh1 Kf6 40. Rxb8
Rxb8 41. Rh7 Ne8 42. Bxa6 Rb3 43. c4 Ng7 44. Bb5 Ra3 45. Rh8 Kg5 46. Rd8 Ra2
47. f4+ exf4+ 48. Kf3 Ra3+ 49. Kf2 Ra2+ 50. Kf3 Ra3+ 51. Kf2 Ra2+ 52. Kf3
1/2-1/2

[Event "Collado Villalba op-A 35th"]
[Site "Collado Villalba ESP"]
[Date "2018.08.27"]
[Round "4.13"]
[White "Martin Consuegra, Barrilero Javier"]
[Black "Camarero Izquierdo, Juan Carlos"]
[Result "0-1"]
[WhiteElo "1766"]
[BlackElo "1963"]
[PlyCount "98"]
[EventDate "2018.08.24"]
[EventType "swiss"]
[EventRounds "9"]
[EventCountry "ESP"]
[SourceTitle "Ajedrez en Madrid"]
[Source "lmi"]
[SourceDate "2018.08.24"]

1. d4 f5 2. Bf4 e6 3. e3 d5 4. Be2 Nf6 5. h3 Bd6 6. Bxd6 Qxd6 7. a3 Nbd7 8. Nf3
O-O 9. O-O Ne4 10. c4 c6 11. Nc3 Rf6 12. Nd2 Rh6 13. f4 Nxd2 14. Qxd2 Nf6 15.
c5 Qe7 16. b4 Bd7 17. Bf3 Kh8 18. Nd1 Rg8 19. Kf2 g5 20. fxg5 Rxg5 21. Rg1 Rhg6
22. Kf1 Ne4 23. Qc1 Rg3 24. Ra2 Qg5 25. Bxe4 fxe4 26. Rf2 Rxh3 27. Qd2 Kg8 28.
Rf4 Rhh6 29. Ke1 e5 30. dxe5 Qxe5 31. Qd4 Qxd4 32. exd4 Rg3 33. Rgf1 Be6 34.
Rf6 Rxf6 35. Rxf6 Bg4 36. Kf2 Rxa3 37. Ne3 h5 38. Rd6 Rb3 39. Nxg4 hxg4 40.
Rd8+ Kf7 41. Rd7+ Kf6 42. Rxb7 a5 43. Rb6 Rxb4 44. Rxc6+ Ke7 45. Kg3 Rxd4 46.
Rd6 e3 47. Rb6 Rd1 48. Rb2 d4 49. Kxg4 d3 0-1

[Event "Collado Villalba op-A 35th"]
[Site "Collado Villalba ESP"]
[Date "2018.08.27"]
[Round "4.15"]
[White "Cuellar Gutierrez, Raul"]
[Black "Semprun Martinez, Fernando"]
[Result "1-0"]
[WhiteElo "1927"]
[BlackElo "2145"]
[PlyCount "95"]
[EventDate "2018.08.24"]
[EventType "swiss"]
[EventRounds "9"]
[EventCountry "ESP"]
[SourceTitle "Ajedrez en Madrid"]
[Source "lmi"]
[SourceDate "2018.08.24"]

1. d4 Nf6 2. c4 c5 3. Nf3 cxd4 4. Nxd4 e5 5. Nf3 e4 6. Nd4 Nc6 7. Nc3 Bc5 8.
Nb3 Bb4 9. Bd2 O-O 10. a3 Bd6 11. Bg5 Be5 12. Qc2 Bxc3+ 13. Qxc3 d6 14. Bxf6
Qxf6 15. Qxf6 gxf6 16. O-O-O Rd8 17. e3 Bg4 18. Rd2 Rac8 19. h3 Be6 20. Rc2 Ne5
21. Nd2 f5 22. Be2 Kf8 23. b3 Ke7 24. Kb2 h5 25. f4 Nd7 26. Bxh5 Rg8 27. Rg1
Rg7 28. Be2 Rcg8 29. g4 Rh8 30. Rg3 Rh4 31. g5 f6 32. gxf6+ Kxf6 33. Rxg7 Kxg7
34. Bf1 Kf6 35. Nb1 Rh6 36. Nc3 Rg6 37. Rg2 a6 38. Rxg6+ Kxg6 39. Be2 Nf6 40.
b4 Nh5 41. b5 axb5 42. Bxh5+ Kxh5 43. Nxb5 Bxc4 44. Nxd6 Bf1 45. Nxf5 Bxh3 46.
Nd6 Kg4 47. Kc3 Kf3 48. Kd4 1-0

[Event "Collado Villalba op-A 35th"]
[Site "Collado Villalba ESP"]
[Date "2018.08.27"]
[Round "4.16"]
[White "Perez Vazquez, Manuel"]
[Black "Rojas Pozo, Jose Luis"]
[Result "1-0"]
[WhiteElo "1903"]
[BlackElo "1966"]
[PlyCount "101"]
[EventDate "2018.08.24"]
[EventType "swiss"]
[EventRounds "9"]
[EventCountry "ESP"]
[SourceTitle "Ajedrez en Madrid"]
[Source "lmi"]
[SourceDate "2018.08.24"]

1. g3 e5 2. Bg2 d5 3. d3 Nf6 4. Nf3 Nc6 5. O-O Be7 6. c3 O-O 7. b4 a6 8. a3 Bf5
9. Nbd2 h6 10. Nb3 Re8 11. Nfd2 e4 12. d4 Qc8 13. e3 Bh3 14. c4 Bxg2 15. Kxg2
Qe6 16. c5 Nh7 17. Rh1 f5 18. Nf1 Nf6 19. h3 Kf7 20. Ra2 Rg8 21. Nh2 Raf8 22.
Bd2 Nd8 23. Re1 g5 24. Bc1 Ke8 25. a4 c6 26. b5 axb5 27. axb5 Rf7 28. bxc6 bxc6
29. Ra8 Bf8 30. Na5 Rc7 31. Qb3 Nd7 32. Bd2 h5 33. Nb7 Be7 34. Nxd8 Bxd8 35.
Ba5 Kf7 36. Rxd8 Rxd8 37. Bxc7 Ra8 38. Bd6 Kg6 39. Kg1 Nf6 40. Qb7 Ra2 41. Rb1
Ra3 42. Qe7 Qxe7 43. Bxe7 f4 44. gxf4 gxf4 45. Bxf6 Kxf6 46. exf4 Rd3 47. Rb6
Kf5 48. Rxc6 Kxf4 49. Nf1 Rxd4 50. Rd6 Rd2 51. Nxd2 1-0

[Event "Collado Villalba op-A 35th"]
[Site "Collado Villalba ESP"]
[Date "2018.08.27"]
[Round "4.17"]
[White "Sancho Castiello, Federico"]
[Black "Baeza Escudero, Javier"]
[Result "0-1"]
[WhiteElo "1795"]
[BlackElo "1941"]
[PlyCount "58"]
[EventDate "2018.08.24"]
[EventType "swiss"]
[EventRounds "9"]
[EventCountry "ESP"]
[SourceTitle "Ajedrez en Madrid"]
[Source "lmi"]
[SourceDate "2018.08.24"]

1. e4 e6 2. d4 d5 3. Nd2 c5 4. exd5 Qxd5 5. Ngf3 Nf6 6. Bc4 Qd8 7. O-O Nc6 8.
Nb3 cxd4 9. Nbxd4 Bd7 10. Re1 Be7 11. h3 O-O 12. Bf4 a6 13. a4 Qb6 14. Nb3 Rfd8
15. a5 Qb4 16. Qe2 Nd5 17. Bg3 Bf6 18. c3 Nxc3 19. bxc3 Bxc3 20. Red1 Bxa1 21.
Rxa1 Rac8 22. Bh4 Re8 23. Rd1 Nb8 24. Nfd2 Ba4 25. Rb1 Nc6 26. f4 Ne7 27. Nd4
Qd6 28. Bf2 Nc6 29. N2f3 Nxa5 0-1

[Event "Collado Villalba op-A 35th"]
[Site "Collado Villalba ESP"]
[Date "2018.08.27"]
[Round "4.18"]
[White "Garcia Galeote, Lorenzo"]
[Black "Pardo Veguezzi, Jose Manuel"]
[Result "1-0"]
[WhiteElo "1899"]
[BlackElo "1800"]
[PlyCount "83"]
[EventDate "2018.08.24"]
[EventType "swiss"]
[EventRounds "9"]
[EventCountry "ESP"]
[SourceTitle "Ajedrez en Madrid"]
[Source "lmi"]
[SourceDate "2018.08.24"]

1. d4 Nf6 2. c4 g6 3. Nc3 Bg7 4. e4 d6 5. Nge2 O-O 6. Ng3 Nc6 7. d5 Ne5 8. f4
Ned7 9. Be2 a5 10. Be3 Ne8 11. Bd4 e5 12. dxe6 fxe6 13. Bxg7 Nxg7 14. O-O Nc5
15. Qd2 Qe7 16. Rf2 Bd7 17. Raf1 Bc6 18. f5 gxf5 19. exf5 exf5 20. Nd5 Bxd5 21.
Qxd5+ Qf7 22. Bf3 c6 23. Qxd6 Qxc4 24. Be2 Qd5 25. Qxd5+ cxd5 26. Nxf5 Nxf5 27.
Rxf5 Rae8 28. Rg5+ Kh8 29. Rxf8+ Rxf8 30. Rxd5 b6 31. Rd6 Rc8 32. Rxb6 Ne4 33.
h3 Ng3 34. Kf2 Ne4+ 35. Kf3 Re8 36. Bd3 Ng5+ 37. Kg4 Nf7 38. Kf4 Rf8 39. Bf5
Kg7 40. g4 Rd8 41. Rb7 Rd1 42. Be6 1-0

[Event "Collado Villalba op-A 35th"]
[Site "Collado Villalba ESP"]
[Date "2018.08.27"]
[Round "4.20"]
[White "Trujillo Martin, Carlos"]
[Black "Cid Garcia, Ramon"]
[Result "1/2-1/2"]
[WhiteElo "1761"]
[BlackElo "1857"]
[PlyCount "44"]
[EventDate "2018.08.24"]
[EventType "swiss"]
[EventRounds "9"]
[EventCountry "ESP"]
[SourceTitle "Ajedrez en Madrid"]
[Source "lmi"]
[SourceDate "2018.08.24"]

1. d4 Nf6 2. Bf4 e6 3. e3 c5 4. c3 Nc6 5. Nd2 cxd4 6. exd4 d5 7. Bd3 Bd6 8.
Bxd6 Qxd6 9. Ngf3 O-O 10. O-O Bd7 11. Re1 Ne7 12. Ne5 g6 13. Qf3 Ne8 14. Qh3
Ng7 15. f4 f6 16. Nxd7 Qxd7 17. Re2 Nef5 18. g4 Nd6 19. Rae1 Rae8 20. Nf3 a6
21. Qh6 Nf7 22. Qh4 Nd6 1/2-1/2

[Event "Collado Villalba op-A 35th"]
[Site "Collado Villalba ESP"]
[Date "2018.08.28"]
[Round "5.1"]
[White "Quispe Arteaga, Gabriel"]
[Black "Martin Duque, Jesus"]
[Result "1-0"]
[WhiteElo "2312"]
[BlackElo "2378"]
[PlyCount "105"]
[EventDate "2018.08.24"]
[EventType "swiss"]
[EventRounds "9"]
[EventCountry "ESP"]
[SourceTitle "Ajedrez en Madrid"]
[Source "lmi"]
[SourceDate "2018.08.24"]

1. d4 Nf6 2. Nf3 c5 3. c4 cxd4 4. Nxd4 Nc6 5. Nc3 e6 6. e3 Bb4 7. Bd2 O-O 8. a3
Be7 9. Nf3 b6 10. Be2 Bb7 11. O-O Rc8 12. Nb5 e5 13. Bc3 d6 14. a4 Re8 15. b3
Bf8 16. Bb2 a6 17. Nc3 e4 18. Nd4 Ne5 19. Nf5 g6 20. Nd4 h5 21. h3 Bh6 22. Nd5
Nfd7 23. Nc2 Bg7 24. Bd4 Nc5 25. Ne1 a5 26. Rb1 Ned7 27. Nc2 Bxd4 28. Qxd4 Bxd5
29. Qxd5 Qf6 30. Rfd1 Re6 31. Qd4 Qh4 32. Bf1 Rf6 33. Rd2 Qg5 34. Ne1 Re8 35.
Qc3 Qh6 36. g3 g5 37. Nc2 Ne5 38. Nd4 g4 39. h4 Nf3+ 40. Nxf3 gxf3 41. Rbd1 Rg6
42. Rd5 Ree6 43. Bh3 Ref6 44. Bf5 Rg7 45. Qe5 Rgg6 46. Qe8+ Kg7 47. Bxg6 Rxg6
48. Rf5 f6 49. Qe7+ Kh8 50. Rxd6 Rxg3+ 51. Kf1 Rg7 52. Qf8+ Kh7 53. Rfxf6 1-0

[Event "Collado Villalba op-A 35th"]
[Site "Collado Villalba ESP"]
[Date "2018.08.28"]
[Round "5.2"]
[White "Valles Moreno, Ivan"]
[Black "Reyes Peñas, Sebastian"]
[Result "1-0"]
[WhiteElo "2416"]
[BlackElo "2103"]
[PlyCount "61"]
[EventDate "2018.08.24"]
[EventType "swiss"]
[EventRounds "9"]
[EventCountry "ESP"]
[SourceTitle "Ajedrez en Madrid"]
[Source "lmi"]
[SourceDate "2018.08.24"]

1. d4 Nf6 2. Nf3 e6 3. e3 c5 4. c4 b6 5. Bd3 Bb7 6. O-O Be7 7. Nc3 cxd4 8. exd4
d5 9. cxd5 Nxd5 10. Ne5 O-O 11. Qh5 Nf6 12. Qh4 g6 13. Bh6 Re8 14. Bb5 Nbd7 15.
Bg5 Nh5 16. Bxe7 Rxe7 17. Rad1 Ndf6 18. Nc6 Bxc6 19. Bxc6 Rc8 20. d5 exd5 21.
Bxd5 Nxd5 22. Nxd5 Rd7 23. Qd4 Qf8 24. g4 Rcd8 25. Qe4 Qc5 26. b4 Rxd5 27. bxc5
Rxd1 28. gxh5 Rxf1+ 29. Kxf1 bxc5 30. Qe7 Ra8 31. h6 1-0

[Event "Collado Villalba op-A 35th"]
[Site "Collado Villalba ESP"]
[Date "2018.08.28"]
[Round "5.3"]
[White "Pastor Alonso de Prado, Emilio Alberto"]
[Black "Perez Gonzalez, Jose Manuel"]
[Result "0-1"]
[WhiteElo "2112"]
[BlackElo "2277"]
[PlyCount "160"]
[EventDate "2018.08.24"]
[EventType "swiss"]
[EventRounds "9"]
[EventCountry "ESP"]
[SourceTitle "Ajedrez en Madrid"]
[Source "lmi"]
[SourceDate "2018.08.24"]

1. e4 d6 2. d4 Nf6 3. Nc3 g6 4. f4 Bg7 5. Bd3 O-O 6. Nf3 Nc6 7. e5 dxe5 8. fxe5
Nd5 9. Nxd5 Qxd5 10. c3 Bg4 11. Qe2 Rad8 12. Be4 Qa5 13. O-O e6 14. Qc4 Qb6 15.
Qb3 Bf5 16. Bxf5 exf5 17. Re1 Rfe8 18. Bf4 Qxb3 19. axb3 h6 20. h4 Rd7 21. b4
a6 22. Rad1 Red8 23. Kf2 Ne7 24. e6 fxe6 25. Rxe6 Nd5 26. g3 Kf7 27. Re2 Re8
28. Rxe8 Kxe8 29. Re1+ Re7 30. Be5 Nf6 31. Bxf6 Bxf6 32. Rg1 Kf7 33. g4 fxg4
34. Rxg4 Re8 35. Nd2 h5 36. Rf4 Kg7 37. Nf3 c6 38. Nd2 g5 39. Re4 Rxe4 40. Nxe4
g4 41. Kg3 Be7 42. Nc5 Bd6+ 43. Kf2 Bxc5 44. bxc5 a5 45. c4 Kf6 46. Ke3 Kf5 47.
b3 Ke6 48. Ke4 Kd7 49. Kf4 Ke7 50. Ke3 Kf7 51. Ke4 Ke6 52. Kf4 Kd7 53. Ke4 Kc7
54. Kf4 b6 55. cxb6+ Kxb6 56. Ke4 Kc7 57. Ke3 Kd7 58. Kf4 Kd6 59. Ke3 Ke7 60.
Kf4 Kf6 61. Ke4 Ke6 62. Kf4 Kf6 63. Ke4 g3 64. Kf3 Kf5 65. Kxg3 Ke4 66. d5 cxd5
67. cxd5 Kxd5 68. Kf4 Kc5 69. Kg5 Kb4 70. Kxh5 Kxb3 71. Kg6 a4 72. h5 a3 73. h6
a2 74. Kg7 a1=Q+ 75. Kg8 Qa8+ 76. Kg7 Qb7+ 77. Kg8 Qc8+ 78. Kg7 Qd7+ 79. Kg8
Qe8+ 80. Kg7 Qe7+ 0-1

[Event "Collado Villalba op-A 35th"]
[Site "Collado Villalba ESP"]
[Date "2018.08.28"]
[Round "5.4"]
[White "Longa Yauca, Javier"]
[Black "Fernandez de Pablo, Miguel Angel"]
[Result "1-0"]
[WhiteElo "2268"]
[BlackElo "2107"]
[PlyCount "87"]
[EventDate "2018.08.24"]
[EventType "swiss"]
[EventRounds "9"]
[EventCountry "ESP"]
[SourceTitle "Ajedrez en Madrid"]
[Source "lmi"]
[SourceDate "2018.08.24"]

1. d4 Nf6 2. c4 g6 3. g3 Bg7 4. Bg2 O-O 5. Nc3 d6 6. e4 c6 7. Nge2 Nbd7 8. O-O
e5 9. h3 exd4 10. Nxd4 Nc5 11. Bf4 Re8 12. Re1 Ne6 13. Be3 Nxd4 14. Bxd4 Be6
15. Qd3 Qd7 16. Kh2 Rad8 17. Rad1 Qc7 18. f4 Qa5 19. a3 a6 20. b4 Qh5 21. Bb6
Rd7 22. Rc1 Rde7 23. Qxd6 Bxc4 24. Qc5 Nd7 25. Qxh5 gxh5 26. Bf2 Bd3 27. Red1
Bc4 28. Bf3 a5 29. Bxh5 axb4 30. axb4 Ra8 31. e5 f6 32. Bg4 Nf8 33. Bc5 Ree8
34. Ne4 Bd5 35. Rxd5 cxd5 36. Nxf6+ Bxf6 37. exf6 Ra2+ 38. Kh1 Rea8 39. Bf3 Rd2
40. Re1 Ra3 41. Bg4 h5 42. Bxh5 Rxg3 43. f7+ Kg7 44. Bxf8+ 1-0

[Event "Collado Villalba op-A 35th"]
[Site "Collado Villalba ESP"]
[Date "2018.08.28"]
[Round "5.5"]
[White "Martin Martin, Luis Vicente"]
[Black "Mkrtchyan, Levon"]
[Result "0-1"]
[WhiteElo "1998"]
[BlackElo "2128"]
[PlyCount "94"]
[EventDate "2018.08.24"]
[EventType "swiss"]
[EventRounds "9"]
[EventCountry "ESP"]
[SourceTitle "Ajedrez en Madrid"]
[Source "lmi"]
[SourceDate "2018.08.24"]

1. d4 Nf6 2. Bf4 c5 3. e3 e6 4. c3 Nc6 5. Nf3 cxd4 6. exd4 Be7 7. Bd3 O-O 8.
O-O b6 9. Nbd2 Bb7 10. h3 d5 11. Re1 a6 12. Ne5 Nxe5 13. Bxe5 b5 14. a3 Nd7 15.
Bh2 Nb6 16. f4 Nc4 17. Rb1 a5 18. f5 exf5 19. Bxf5 Bh4 20. Re2 Qf6 21. Nxc4
dxc4 22. Be4 Bxe4 23. Rxe4 Rae8 24. Be5 Qh6 25. Qf3 f6 26. Bd6 Qg6 27. Bxf8
Qxe4 28. Qxe4 Rxe4 29. Bd6 Kf7 30. Kh2 a4 31. Bg3 Bg5 32. d5 Bf4 33. Bxf4 Rxf4
34. Kg3 Rf5 35. Rd1 Ke7 36. d6+ Kd7 37. Rd4 Re5 38. Kf3 g6 39. g4 f5 40. gxf5
Rxf5+ 41. Ke3 Re5+ 42. Kf3 Re8 43. Rd5 Kc6 44. d7 Rd8 45. Ke4 Rxd7 46. Rxd7
Kxd7 47. Kd5 h6 0-1

[Event "Collado Villalba op-A 35th"]
[Site "Collado Villalba ESP"]
[Date "2018.08.28"]
[Round "5.6"]
[White "Camarero Izquierdo, Juan Carlos"]
[Black "Elissalt Cardenas, Hector"]
[Result "0-1"]
[WhiteElo "1963"]
[BlackElo "2323"]
[PlyCount "74"]
[EventDate "2018.08.24"]
[EventType "swiss"]
[EventRounds "9"]
[EventCountry "ESP"]
[SourceTitle "Ajedrez en Madrid"]
[Source "lmi"]
[SourceDate "2018.08.24"]

1. d4 d6 2. e4 Nf6 3. Nc3 e5 4. d5 Be7 5. h4 c6 6. Bg5 Qb6 7. Qc1 Nbd7 8. Nf3
Ng4 9. Be3 Nxe3 10. fxe3 Nf6 11. Bd3 Ng4 12. Ke2 O-O 13. Na4 Qd8 14. Qe1 cxd5
15. exd5 f5 16. e4 fxe4 17. Bxe4 b5 18. Nc3 b4 19. Nd1 Rf4 20. Kd2 Nf6 21. Nf2
Qa5 22. Kc1 Nxe4 23. Nxe4 Qxd5 24. Nf2 Bf5 25. Qe2 Rc8 26. Rd1 Qc6 27. Rd2 Rc4
28. Ne1 Bxh4 29. b3 Rc3 30. Kb2 Bg5 31. Rad1 Re3 32. Qh5 Qc3+ 33. Kb1 Rxe1 34.
Qxg5 Bxc2+ 35. Rxc2 Qxc2+ 36. Ka1 Rxd1+ 37. Nxd1 Qxd1+ 0-1

[Event "Collado Villalba op-A 35th"]
[Site "Collado Villalba ESP"]
[Date "2018.08.28"]
[Round "5.7"]
[White "Andrade Sandoval, Bianca"]
[Black "Martinez Fernandez, Raul"]
[Result "1-0"]
[WhiteElo "1890"]
[BlackElo "2199"]
[PlyCount "35"]
[EventDate "2018.08.24"]
[EventType "swiss"]
[EventRounds "9"]
[EventCountry "ESP"]
[SourceTitle "Ajedrez en Madrid"]
[Source "lmi"]
[SourceDate "2018.08.24"]

1. d4 Nf6 2. Bf4 c5 3. e3 Qb6 4. Nc3 Qxb2 5. Nb5 Na6 6. a3 Ne4 7. Rb1 Qa2 8.
Rb3 d5 9. Qc1 e5 10. Rb2 Qxb2 11. Qxb2 exf4 12. exf4 c4 13. Nf3 Be7 14. Be2 O-O
15. O-O Bd7 16. Re1 f6 17. Bxc4 Bc6 18. Rxe4 1-0

[Event "Collado Villalba op-A 35th"]
[Site "Collado Villalba ESP"]
[Date "2018.08.28"]
[Round "5.8"]
[White "Cao Armillas, Jesus"]
[Black "Carrasco Coquillat, Jorge"]
[Result "1-0"]
[WhiteElo "2043"]
[BlackElo "1799"]
[PlyCount "87"]
[EventDate "2018.08.24"]
[EventType "swiss"]
[EventRounds "9"]
[EventCountry "ESP"]
[SourceTitle "Ajedrez en Madrid"]
[Source "lmi"]
[SourceDate "2018.08.24"]

1. d4 Nf6 2. c4 e6 3. Nc3 d5 4. Nf3 Nbd7 5. Bg5 c6 6. e3 Qa5 7. Qc2 Ne4 8. Bf4
Bb4 9. Rc1 Qxa2 10. Bd3 Bxc3+ 11. bxc3 Qxc2 12. Rxc2 h6 13. h3 O-O 14. Ke2 b6
15. cxd5 cxd5 16. c4 Bb7 17. cxd5 Bxd5 18. Rc7 Ndf6 19. Rhc1 a5 20. Ne5 Nh5 21.
Bh2 a4 22. f3 Ng5 23. Nd7 Rfd8 24. Nxb6 Rab8 25. Nxa4 g6 26. Ra7 Ra8 27. Rcc7
Rdc8 28. Rxc8+ Rxc8 29. Bc7 Ra8 30. Rxa8+ Bxa8 31. Nb6 Bc6 32. e4 Nf6 33. Bf4
Kg7 34. Be5 Ngh7 35. d5 exd5 36. exd5 Be8 37. Ba6 Kf8 38. Bd6+ Kg8 39. Be7 Nd7
40. Nc4 Nhf6 41. Bb7 Kg7 42. Bc6 g5 43. Nd6 Nb6 44. Bxf6+ 1-0

[Event "Collado Villalba op-A 35th"]
[Site "Collado Villalba ESP"]
[Date "2018.08.28"]
[Round "5.9"]
[White "Khudov, Oleksandr"]
[Black "Brull Cortes, Boris"]
[Result "1-0"]
[WhiteElo "2021"]
[BlackElo "2029"]
[PlyCount "135"]
[EventDate "2018.08.24"]
[EventType "swiss"]
[EventRounds "9"]
[EventCountry "ESP"]
[SourceTitle "Ajedrez en Madrid"]
[Source "lmi"]
[SourceDate "2018.08.24"]

1. d4 Nf6 2. Bf4 g6 3. e3 Bg7 4. Nf3 O-O 5. Be2 d6 6. h3 c5 7. c3 b6 8. O-O Bb7
9. Nbd2 Nbd7 10. a4 a6 11. Bh2 Ra7 12. Re1 Qa8 13. Bf1 Rc8 14. c4 Ne4 15. d5
Nxd2 16. Qxd2 b5 17. a5 bxc4 18. Bxc4 Rd8 19. e4 Qb8 20. Ra2 Bc8 21. b3 Rb7 22.
Bg3 Rb4 23. Qe3 f6 24. h4 Rf8 25. Rd1 h6 26. Nd2 Ne5 27. Bxe5 fxe5 28. Qe2 Qa7
29. h5 Rf6 30. Nf1 Bd7 31. Ne3 Rf4 32. f3 gxh5 33. g3 Rf6 34. Kg2 h4 35. g4 Rf7
36. Nf5 Bxf5 37. exf5 Bf6 38. Ra3 Rg7 39. Bxa6 Rf4 40. Ra4 Rxf5 41. Qb5 Qa8 42.
Qb7 Qf8 43. Qc8 h3+ 44. Kg3 Rh5 45. Qxf8+ Kxf8 46. Bc8 h2 47. Rh1 e4 48. fxe4
Be5+ 49. Kg2 e6 50. Bxe6 Rhg5 51. a6 Ra7 52. Rf1+ Kg7 53. Bc8 h5 54. Ra5 hxg4
55. Rb5 Kh6 56. Bb7 g3 57. Ra5 Rg4 58. Ra4 Rf4 59. Rxf4 Bxf4 60. b4 cxb4 61.
Rxb4 Kg5 62. Rc4 Kf6 63. Rc8 Be3 64. Rf8+ Ke5 65. Re8+ Kd4 66. e5 dxe5 67. d6
e4 68. Rxe4+ 1-0

[Event "Collado Villalba op-A 35th"]
[Site "Collado Villalba ESP"]
[Date "2018.08.28"]
[Round "5.10"]
[White "Perez Cameselle, Francisco Jose"]
[Black "Aziz Ortego, Omar Luis"]
[Result "0-1"]
[WhiteElo "1790"]
[BlackElo "2024"]
[PlyCount "130"]
[EventDate "2018.08.24"]
[EventType "swiss"]
[EventRounds "9"]
[EventCountry "ESP"]
[SourceTitle "Ajedrez en Madrid"]
[Source "lmi"]
[SourceDate "2018.08.24"]

1. e4 d6 2. d4 g6 3. Nc3 Bg7 4. Nf3 a6 5. Be2 Nc6 6. O-O Nf6 7. a4 O-O 8. h3
Nd7 9. Be3 e5 10. Qd2 Re8 11. Rad1 exd4 12. Nxd4 Nf6 13. Nxc6 bxc6 14. Bg5 Rb8
15. b3 Qe7 16. Rfe1 Qf8 17. Bf1 Nd7 18. Kh1 Nc5 19. f3 Ne6 20. Be3 Bb7 21. Bc4
Rbd8 22. Bxe6 fxe6 23. Ne2 d5 24. Qa5 Rd7 25. Bc5 Qf7 26. Qb4 Ba8 27. Qa5 Bb7
28. Qb4 Rb8 29. Rf1 Qe8 30. Qa5 Rf7 31. Rfe1 h5 32. Qd2 Kh7 33. Qg5 Qg8 34. Be3
Re8 35. Qh4 Qf8 36. Rf1 c5 37. Ng3 d4 38. Bg5 e5 39. Rfe1 Bc6 40. Rd2 Rb8 41.
Rdd1 c4 42. Rb1 c3 43. Rbc1 Rb6 44. Rcd1 Bd7 45. Ne2 Kg8 46. Nc1 c5 47. Nd3 c4
48. bxc4 Bxa4 49. Rc1 Rc6 50. Qg3 Qe8 51. f4 exf4 52. Nxf4 Be5 53. Qh4 Bxf4 54.
Bxf4 Rcf6 55. g3 Bc6 56. Kh2 Bxe4 57. Ra1 Re6 58. Ra2 Rf5 59. Rea1 g5 60. Bxg5
Rf2+ 61. Kg1 Rg2+ 62. Kf1 Bb7 63. Bf4 Rg6 64. Qxh5 R2xg3 65. Re1 Rg1+ 0-1

[Event "Collado Villalba op-A 35th"]
[Site "Collado Villalba ESP"]
[Date "2018.08.28"]
[Round "5.11"]
[White "Lopez de Turiso, Jose Angel"]
[Black "Cuellar Gutierrez, Raul"]
[Result "1/2-1/2"]
[WhiteElo "1990"]
[BlackElo "1927"]
[PlyCount "87"]
[EventDate "2018.08.24"]
[EventType "swiss"]
[EventRounds "9"]
[EventCountry "ESP"]
[SourceTitle "Ajedrez en Madrid"]
[Source "lmi"]
[SourceDate "2018.08.24"]

1. e4 e6 2. c4 d5 3. cxd5 exd5 4. exd5 Qxd5 5. Nc3 Qd8 6. d4 Nf6 7. Bc4 Be7 8.
Nf3 O-O 9. h3 c6 10. O-O Nbd7 11. Ne5 Nb6 12. Bb3 Nbd5 13. Be3 Be6 14. a3 Qb6
15. Nxd5 Nxd5 16. Bxd5 cxd5 17. Qe2 Rfe8 18. Rac1 Rac8 19. g4 f6 20. Nf3 Bd7
21. Qd2 Qe6 22. Bf4 h5 23. Rfe1 Qf7 24. Nh2 Bf8 25. Rxc8 Rxc8 26. Rc1 Rxc1+ 27.
Qxc1 Qg6 28. f3 Qd3 29. Qd2 Qxd2 30. Bxd2 Bd6 31. Kg2 hxg4 32. hxg4 Bb5 33. Nf1
Bxf1+ 34. Kxf1 Kf7 35. a4 f5 36. Ke2 Kf6 37. Kd3 fxg4 38. fxg4 Kg6 39. b3 Be7
40. Bf4 Bg5 41. Bg3 Bc1 42. Bh4 Bb2 43. Bd8 Bc1 44. Bh4 1/2-1/2

[Event "Collado Villalba op-A 35th"]
[Site "Collado Villalba ESP"]
[Date "2018.08.28"]
[Round "5.12"]
[White "Martin Arbeloa, Fernando"]
[Black "Lopez Mijail, Nicolas"]
[Result "0-1"]
[WhiteElo "1918"]
[BlackElo "1983"]
[PlyCount "74"]
[EventDate "2018.08.24"]
[EventType "swiss"]
[EventRounds "9"]
[EventCountry "ESP"]
[SourceTitle "Ajedrez en Madrid"]
[Source "lmi"]
[SourceDate "2018.08.24"]

1. d4 Nf6 2. c4 e6 3. Nc3 Bb4 4. e3 O-O 5. Nge2 d5 6. a3 Bd6 7. Ng3 b6 8. cxd5
exd5 9. Bd3 Re8 10. O-O c6 11. b3 Ba6 12. Bb2 Bxd3 13. Qxd3 Nbd7 14. Rac1 g6
15. Rfe1 h5 16. Nf1 Ne4 17. f3 Nxc3 18. Rxc3 c5 19. Rc2 Qg5 20. Rd1 Rad8 21. f4
Qh6 22. dxc5 Nxc5 23. Qxd5 Be7 24. Qf3 Nxb3 25. Rxd8 Rxd8 26. Rc7 Bf8 27. Bf6
Rd6 28. Be5 Re6 29. Qb7 Na5 30. Qa8 b5 31. Nd2 Rxe5 32. fxe5 Qxe3+ 33. Kf1 Qxd2
34. Rc8 Qd3+ 35. Kf2 Qxa3 36. Re8 Nc4 37. e6 Qe3+ 0-1

[Event "Collado Villalba op-A 35th"]
[Site "Collado Villalba ESP"]
[Date "2018.08.28"]
[Round "5.13"]
[White "Baeza Escudero, Javier"]
[Black "Perez Vazquez, Manuel"]
[Result "1-0"]
[WhiteElo "1941"]
[BlackElo "1903"]
[PlyCount "79"]
[EventDate "2018.08.24"]
[EventType "swiss"]
[EventRounds "9"]
[EventCountry "ESP"]
[SourceTitle "Ajedrez en Madrid"]
[Source "lmi"]
[SourceDate "2018.08.24"]

1. e4 g6 2. d4 Bg7 3. f4 d6 4. Nf3 a6 5. Bd3 Nd7 6. O-O c5 7. c3 b5 8. Qe2 c4
9. Bc2 Bb7 10. e5 dxe5 11. fxe5 e6 12. Nbd2 Ne7 13. Ne4 Bxe4 14. Bxe4 Rb8 15.
Bg5 Nb6 16. Bc6+ Nd7 17. Nd2 O-O 18. Rf2 h6 19. Bxe7 Qxe7 20. Raf1 Nb6 21. Bf3
Rbd8 22. g3 Rd7 23. Bg2 Rc7 24. Ne4 Nc8 25. Qe3 Qd8 26. Nc5 Ra7 27. Ne4 Ne7 28.
Nd6 Nf5 29. Nxf5 gxf5 30. d5 Rd7 31. d6 Qc8 32. Rd1 f6 33. exf6 Rxf6 34. g4 Qd8
35. gxf5 Rxd6 36. Rxd6 Qxd6 37. Rd2 Qe7 38. fxe6 Kh8 39. Rd7 Qe8 40. e7 1-0

[Event "Collado Villalba op-A 35th"]
[Site "Collado Villalba ESP"]
[Date "2018.08.28"]
[Round "5.14"]
[White "Sotoca Aguado, Jose"]
[Black "Carrasco Coquillat, Alvaro"]
[Result "1/2-1/2"]
[WhiteElo "1920"]
[BlackElo "1865"]
[PlyCount "61"]
[EventDate "2018.08.24"]
[EventType "swiss"]
[EventRounds "9"]
[EventCountry "ESP"]
[SourceTitle "Ajedrez en Madrid"]
[Source "lmi"]
[SourceDate "2018.08.24"]

1. e4 c5 2. Nc3 Nc6 3. g3 g6 4. Bg2 Bg7 5. Nge2 e6 6. O-O Nge7 7. d3 O-O 8. Be3
d6 9. Qd2 Rb8 10. Bh6 Re8 11. Bxg7 Kxg7 12. f4 f5 13. Rae1 Nd4 14. Nd1 b5 15.
c3 Nxe2+ 16. Rxe2 d5 17. exd5 Nxd5 18. Rfe1 Qd6 19. Re5 Bb7 20. Qe2 Nc7 21. Qe3
Bxg2 22. Kxg2 Nd5 23. Qf3 Rbc8 24. Nf2 Nf6 25. h3 Nd7 26. R5e2 Nb6 27. h4 Kf7
28. h5 Qd5 29. hxg6+ hxg6 30. Qxd5 exd5 31. Nh3 1/2-1/2